00641nam a2200205 a 450000500170000000800410001704000250005804100080008304400070009110000310009824501070012926000720023630000080030865000300031665000250034665000160037165000240038765000110041166200130042220191224041634.0140305b1994 ck |||||rm||| 00| 0 spa d aCO-BoIAVHcCO-BoIAVH aspa ack aBohórquez Chaux, Adriana aCaracterización de poblaciones de Mononychellus tanajoa (Bondar) por medio de técnicas moleculares aSantiago de CalibUniversidad del Valle. Facultad de Cienciasc1994 a103 aEcología de poblaciones aBiología molecular aTaxonomía aControl biológico aAcaros aColombia